Quizzes
Events
Quiz Creation
Community
Videos
Private Events
Remove Ads
Sign In
Join for FREE
Feedback
Dark Mode
Quiz Categories
Sports
Geography
Music
Movies
Television
Just For Fun
Miscellaneous
History
Literature
Language
Science
Gaming
Entertainment
Religion
Holiday
For Kids
Quiz Lab
Recent
Popular Today
Quiz Kudos Today
Editor Picks
Curator Picks
Quizzes by...
Day
Popularity
Type
Ratings
Length
Year
Community
Subscriptions
Recent Discussions
Orange Saloon
Badges
Playlists
Quests
Create
Leaderboards
Showdown
Live 5
Trivia Bingo
Activity
Puzzle Library
Sporcle Events
Private Events
Virtual Trivia
Globe League
Become a Host
Pub Owners
SporcleCon
Opinionation
Our Games
Videos
Blog
Mobile Apps
Partnerships
Remove Ads and Go Orange
Feedback
Science
Computer
Plants
Astronomy
Chemistry
Elements
Math
Animal
Physics
Anatomy
Biology
Geology
General Science
Science
Computer
Plants
Astronomy
Chemistry
Elements
Math
Animal
Physics
Anatomy
Biology
Geology
General Science
Random Quiz
Search Sporcle
×
Quiz Lab
Quiz Lab
Science
nature
Type in answers that appear in a list
Type in answers that appear in a list
Classic
Best Score? Go Orange.
Pub Quiz: Science and Nature Stats
Can you name the answers to these science and nature pub quiz questions?
By
jphillips90
3m
15 Questions
1,284 Plays
1,284 Plays
1,284 Plays
Comments
Comments
Give Quiz Kudos
Give Quiz Kudos
-
- Ratings
hide this ad
Replay
Link that replays current quiz
Next Quiz
Link to next quiz in quiz playlist
You Got
0%
They Got
Avg Score
41%
Avg Friend Score
Upgrade to see
Score Distribution
Jump to the score distribution portion of the page
Score
0/15
Timer
03:00
0
Plays Today
Questions
Answers
% Correct
Who discovered the law of gravity?
Isaac Newton
94.5%
Which chemical element has the symbol He?
Helium
89.4%
What makes up 80% of the human brain?
Water
79.6%
What device is used to measure air pressure?
A Barometer
57.6%
Which sugar is found in milk?
Lactose
55.4%
Copper is combined with which element to make bronze?
Tin
50.3%
What is the strongest muscle in the human body?
The Tongue
50.2%
Which tree produces conkers?
The Horse Chestnut Tree
38.8%
Questions
Answers
% Correct
Who invented the Gramophone?
Thomas Edison
25.5%
What acid is found in car batteries?
Sulphuric Acid
23.2%
What is the brightest star in the night sky?
Sirius
22.4%
Which astronomical distance is about 3.26 light years?
A Parsec
19.8%
Which creature is an ophidiophobe afraid of?
Snakes
9.7%
What is the largest flower in the world?
Rafflesia
5.5%
Who invented the hovercraft?
Christopher Cockerell
3.5%
Quiz Playlist
Details
Report
Send in Message
Add To Playlist
Classic:
Type in answers that appear in a list
Last Updated: Feb 16, 2017
Quiz Scoreboard
CHALLENGE
Sign Up to Join the Scoreboard
Show All
Scores
Hide
Comments
May contain spoilers
Recently Published
Presidents Visiting Landmarks
by Hejman
History
7m
An Introduction to Baseball
by treessimontrees
Sports
5m
Movies - When Are They Set?
by FPL_Elf
Movies
5m
More to Explore
Quiz From the Vault
Featured Blog Post
Where Did the Easter Bunny Come From?
hide this ad
You Might Also Like...
Tags
nature
pub
Today's Top Quizzes in Science
Browse Science
hide this ad
Today's Top Quizzes in nature
Browse nature
Top Contributed Quizzes in Science
1
Quick Pick: Radians
2
Quick Pick: 'CI-CJ' Animals
3
Elements In Images
4
One Thing in Common: Science
5
One Thing in Common: Science III
6
One Thing in Common: Animals
7
1 to 50
8
Name the Acid, Base or Salt
9
One Thing in Common: Science II
10
Count to 60
Explore More
Trending Topics
Kpop
Disney
Anime
NBA
Crossword
Marvel
Harry Potter
WWE
NFL
The Office
Song
Soccer
Country
Pokémon
Puzzle
hide this ad
More By:
jphillips90
Quiz
Plays
Rating
Category
Featured
Created
Pub Quiz: Geography
1,674
4.17
Geography
Jun 8, 2013
Pub Quiz: Science and Nature
1,284
5.00
Science
Jun 8, 2013
Pub Quiz: History
1,175
3.00
History
Jun 8, 2013
Pub Quiz: Sport
624
4.00
Sports
Jun 8, 2013
Anigrams I
49
4.50
Miscellaneous
Jun 18, 2013
Go to Creator's Profile
Score Distribution
Quiz Creator Spotlight
jphillips90
Follow
Send a Message
Quizzes Created
-
Created Quiz Play Count
-
More By This Creator
Popular Quizzes Today
1
Find the Countries of Europe - No Outlines Minefield
2
Find the US States - No Outlines Minefield
3
The Countries of the World
4
Popular People in 1961
5
Find the US States
6
US States
7
1-10 Letter E Words III
8
Risky Map Clicking: Biggest States A-Z
More Science Quizzes
The Math Map
Published
Trending Quizzes
Risky Map Clicking: Least Populous States A-Z
1-10 Letter F Words
1-10 Letter G Words
One Thing in Common: United Kingdom
Risky Map Clicking: Next State Alphabetically
Recently Updated
Leaping Animals
pecheneg
Reality TV Shows (A-Z)
bhenderson79
Rickey Henderson's Hall of Fame Teammates
pecheneg
Champions League XIs: Arsenal
pecheneg
Quick Pick: Celebrities in WWE's Hall of Fame
aduchscher
A-Z Keypad Blitz II
pecheneg
Multiple Oscar Actors
pecheneg
Mystery Phrase Blitz: Oscar 'Best Actors'
pecheneg
F. Scott Fitzgerald Novels
LTH
Pick 3 Villains
ddd62291
Trending Topics
NBA
Crossword
Harry Potter
Anime
Marvel
Kpop
Disney
Song
Puzzle
Country
The Office
NFL
Pokémon
Soccer
WWE
Your Account Isn't Verified!
In order to create a playlist on Sporcle, you need to verify the email address you used during registration. Go to your
Sporcle Settings
to finish the process.
Report this User
Report this user for behavior that violates our
Community Guidelines
.
Details:
Send Report
Go to the Sporcle.com Mobile Site →
Comments